000 01325cam a22003014a 4500
001 2158424
003 NUST - PNEC
005 20170116180954.0
008 990528s2000 nyua b 001 0 eng
010 _a 99035429
020 _a019513186X
040 _cLIBRARY
082 0 0 _a621.38152 DIM
100 1 _aDimitrijev, Sima,
_d1958-
245 1 0 _aUnderstanding semiconductor devices
_cby Sima Dimitrijev.
260 _aNew York :
_bOxford University Press,
_c2000.
300 _axviii, 574 p. :
_bill. ;
_c25 cm. +
_e1 computer laser optical disc (4 3/4 in.)
440 4 _aThe Oxford series in electrical and computer engineering
504 _aIncludes bibliographical references (p. 562-564).
650 0 _aSemiconductors.
_xEL, EE
650 0 _aIntegrated circuits
_xDesign and construction.
856 4 2 _3Publisher description
_uhttp://www.loc.gov/catdir/enhancements/fy0606/99035429-d.html
856 4 1 _3Table of contents only
_uhttp://www.loc.gov/catdir/enhancements/fy0606/99035429-t.html
906 _a7
_bcbc
_corignew
_d1
_eocip
_f19
_gy-gencatlg
942 _2ddc
_cBK
999 _c66503
_d66503